| 000 | 00823nam a2200265 a 4500 | ||
|---|---|---|---|
| 008 | |||
| 020 | _a9788183293952 (hbk.) | ||
| 049 | _aMAIN | ||
| 090 |
_aTJ163.2 _bENE |
||
| 245 | 1 | 0 |
_aEnergy resources, alternative search and sustainable development / _cedited S.K. Singh...[et.al] |
| 260 |
_aNew Delhi : _bShree publishers & distributors, _c2011. |
||
| 300 |
_axii, 280 P. _bill. ; _c19cm. |
||
| 504 | _aIncludes bibliographic references. | ||
| 650 | _aEnergy development. | ||
| 650 |
_aEnergy resources _xenergy industries |
||
| 700 | _aSingh, N.B. | ||
| 700 | _aMathur, H.P. | ||
| 700 | _aKumar, Raj. | ||
| 700 | _aSingh, S.K. | ||
| 907 |
_a.b10381053 _b07-07-17 _c07-07-17 |
||
| 003 | |||
| 005 | 20230123122249.0 | ||
| 040 | _cNUST | ||
| 942 |
_cBOOKS _kTJ163.2 _mENE |
||
| 999 |
_c130647 _d130647 |
||